01431nam a2200193Ia 450000500170000000800410001704000570005804100080011508200160012310000270013924501900016626000580035630000310041450004440044550502570088950600210114665000250116765000450119220240405121035.0130821s1933 ck fr spa  aCo-BoUCMbspacSandra Yazo (modificó)dSandra Yazo aspa a808.8bR81a1 aRuano, Jesús María10aLecciones de literatura preceptiva:cJesús María Ruanobsacadas del estudio analítico-intuitivo de selectos modelos clásicos e hispano-Americanos ; teoría y modelos en un tomo aBogotá (Colombia)bColegio de San Bartoloméc1933 a456 páginasc25 x 16 cm. aDetalles físicos: Encuadernación rígida, en cartón forrado en papel, lomo en tela, tapas sueltas. Se usa solapa para en cartón para proteger el libro. Portada impresa en una sola tinta, sello de tinta. Texto impreso en una sola columna. Primeras páginas sueltas. Papel oxidado, con manchas de humedad. Varias páginas con bordes deteriorados. Notorias perforaciones de insectos. Ejemplar en regular estado de conservación. 2 aLiteratura preceptiva ; Nociones previas de estética ; Elocución y estilo ; Géneros literarios: Poesía en general ; Poesía lírica; Poesía épica ; Poesía dramática ; Novela y cuento ; De la oratoria ; Didáctica literaria ; Índice aConsulta en sala 7aPreceptiva literaria 7aLiteraturaxCrítica e interpretación